| 000 | 00939nam a2200289 a 4500 | ||
|---|---|---|---|
| 005 | 20200104041523.0 | ||
| 008 | 140120b1998 ck ||||| |||| 00| 0 spa d | ||
| 041 | _aspa | ||
| 044 | _ack | ||
| 090 |
_aIAvH _b00083 |
||
| 100 |
_aFlórez Góngora, Camilo José _94308 |
||
| 245 |
_aContribución al estudio de la diversidad microbiana en ecosistemas andinos de Colombia _bmarco teórico y metodológico |
||
| 260 |
_aVilla de Leyva (Boyacá) _bInstituto Alexander von Humboldt _c1998 |
||
| 300 | _a37 p. | ||
| 650 |
_aBiodiversidad _992204 |
||
| 650 |
_aMicroorganismos _94169 |
||
| 650 |
_aEcosistemas andinos _927589 |
||
| 650 |
_aSuelos _9287 |
||
| 650 |
_aSistemática _93510 |
||
| 650 |
_aFilogenética _94310 |
||
| 650 |
_aEcología de comunidades _93558 |
||
| 650 |
_aBiología molecular _927591 |
||
| 650 |
_aMétodos de campo _93855 |
||
| 650 |
_aMétodos de laboratorio _93515 |
||
| 662 | _aColombia | ||
| 942 |
_cINFORME _2z |
||
| 999 |
_c1715 _d1715 |
||